Mayas, sangre de reyes /

Guardado en:
Autor Principal: Conboy, Martha.
Autor Corporativo: Time Life Video.
Formato: Deslizar
Publicado: Estados Unidos, 1995.
Series:Civilizaciones perdidas
Etiquetas: Agregar Etiqueta
Sin Etiquetas, Sea el primero en etiquetar este registro!
LEADER 00603ngm a22001815g 4500
001 CEM.cems023846
008 130507s1995##################0###0#####d
005 20250710143435.0
245 1 0 |a Mayas, sangre de reyes /  |c Martha Conboy. 
260 |a Estados Unidos,  |c 1995. 
300 |a 48'. 
490 0 |a Civilizaciones perdidas 
538 |a Soporte: DVD - Formato: DVD - Resolución: 640 x 480 - 25fps - Grabación DRD 
500 |a Consultar en ventanilla. 
100 1 |a Conboy, Martha. 
710 2 |a Time Life Video. 
082 3 5 |/ COM 
859 |a CEMS  |b BIB. CEMS - Depto. Recursos Didacticos  |h 351  |i COM  |k DRD  |p 2489.15  |t Ej.1